000 00690nam a2200229Ia 4500
001 2122
005 20240113233529.0
007 ta
008 050221s1907 a g b000 u eng u
040 _aRef. stack
041 _aeng
082 _a343.05205
_bRe 27 Re
100 _aReid, W. J .
245 0 _aReport on the working of the income tax act, II of 1889, in Eastern Bengal and Assam during the year 1906 - 1907 /
_cW. J. Reid.
_hReports
250 _a1st ed /
260 _aShillong :
_bAssam Secretariat ,
_c1907.
300 _a27p. :
_bill ;
_c32cm .
653 _aReport - income tax act - Eastern Bengal and Assam
942 _2ddc
_cBK
999 _c2115
_d2115